00414pab a2200145 454500008004000000100002100040245008100061260000900142300001100151362001100162650003100173700002000204700001900224773002500243180718b1983 xxu||||| |||| 00| 0 eng d aVance, Robert J. aA longitudinal examination of rater and rates effects in performance ratings c1983 a609-20 aAutumn aPersonnel - Service Rating aE. Scott Wright aPeter S. Winne aPersonnel Psychology